Nam Á và Nam Đảo /

Gorde:
Xehetasun bibliografikoak
Egile nagusia: Lương Ninh.
Formatua: Artikulua
Hizkuntza:Vietnamese
Gaiak:
Etiketak: Etiketa erantsi
Etiketarik gabe, Izan zaitez lehena erregistro honi etiketa jartzen!
Thư viện lưu trữ: Thư viện Trường Đại học Đà Lạt
LEADER 00831nam a2200325 4500
001 DLU080064100
005 ##20081211
040 # # |a DLU  |b vie 
041 # # |a vie 
044 # # |a vn 
100 # # |a Lương Ninh. 
245 # # |a Nam Á và Nam Đảo /  |c Lương Ninh. 
653 # # |a Khảo cổ học 
653 # # |a Lịch sử 
653 # # |a Thời cổ đại 
653 # # |a Tiếng việt 
653 # # |a Văn hoá 
653 # # |a Việt Nam 
773 # # |t Nghiên cứu Lịch sử  |g Số 8(368), 2008, tr. 3-12. 
920 # # |a Phòng Tạp chí -- Trung tâm Thông tin - Thư viện Trường Đại học Đà Lạt 
933 # # |a LS 
933 # # |a XH 
994 # # |a DLU 
900 # # |a True 
911 # # |a Hoàng Thị Huyền 
925 # # |a G 
926 # # |a A 
927 # # |a BB 
980 # # |a Thư viện Trường Đại học Đà Lạt